[Event "SR 3. liga A2 2009/2010"]
[Site "?"]
[Date "2010.03.28"]
[Round "11.5"]
[White "Jozefovic, Milan"]
[Black "Liptak, Dusan"]
[Result "1-0"]
[WhiteElo "1904"]
[BlackElo "1919"]
[PlyCount "113"]
[EventDate "2009.??.??"]

1. e4 c5 2. Nf3 Nc6 3. Bc4 e6 4. Nc3 a6 5. a4 Nf6 6. O-O d5 7. exd5 exd5 8. Be2
d4 9. Nb1 Be7 10. Bc4 Rb8 11. Na3 O-O 12. h3 Ne4 13. d3 Nd6 14. Bf4 Be6 15. Nd2
Rc8 16. Bxe6 fxe6 17. Bg3 Nf5 18. Qe2 Rf6 19. Bh2 Rg6 20. Nac4 Nh4 21. Bg3 b5
22. axb5 axb5 23. Ne5 Qd5 24. Nef3 Nf5 25. Ne4 c4 26. Rfd1 Nb4 27. Rac1 Nxg3
28. Nxg3 c3 29. b3 Bd6 30. Ne4 Bb8 31. Nh4 Rh6 32. Qg4 Rf8 33. g3 Nc6 34. f4 e5
35. f5 Kh8 36. Rf1 Nb4 37. Rf2 Qf7 38. Rcf1 Nd5 39. Ng6+ Kg8 40. Ng5 Qe8 41.
Nxf8 Ne3 42. Qe4 Nxf1 43. Qd5+ Kxf8 44. Ne6+ Ke7 45. Rxf1 Rxh3 46. Kg2 Rh6 47.
Qb7+ Kd6 48. Nxg7 Qc6+ 49. Qxc6+ Kxc6 50. f6 Rg6 51. Nf5 Kd7 52. Ne7 Bd6 53.
Nxg6 hxg6 54. Kf3 Ke6 55. Ke4 Bf8 56. g4 Bh6 57. g5 1-0

[Event "SR 3. liga A2 2009/2010"]
[Site "?"]
[Date "2010.03.28"]
[Round "11.6"]
[White "Vlkovic, Pavol"]
[Black "Hrubos, Milan"]
[Result "1-0"]
[WhiteElo "1930"]
[BlackElo "1854"]
[PlyCount "31"]
[EventDate "2009.??.??"]

1. e4 c5 2. d4 cxd4 3. c3 dxc3 4. Nxc3 Nc6 5. Nf3 e6 6. Bc4 Be7 7. O-O d6 8.
Qe2 Bd7 9. Rd1 a6 10. a4 Nf6 11. Bf4 Qc7 12. Rac1 e5 13. Bg5 Be6 14. Nd5 Bxd5
15. exd5 Na7 16. Bb5+ 1-0

[Event "SR 3. liga A2 2009/2010"]
[Site "?"]
[Date "2010.03.28"]
[Round "11.7"]
[White "Husek, Lubomir"]
[Black "Markuliak, Mario"]
[Result "0-1"]
[WhiteElo "1749"]
[BlackElo "1909"]
[PlyCount "96"]
[EventDate "2009.??.??"]

1. e4 e5 2. Nf3 Nc6 3. Bb5 Nf6 4. O-O Nxe4 5. d4 Nd6 6. Bxc6 dxc6 7. dxe5 Nf5
8. Qxd8+ Kxd8 9. Nc3 h6 10. Bf4 Be6 11. Rad1+ Kc8 12. a3 b6 13. h3 Be7 14. Nd4
Nxd4 15. Rxd4 Kb7 16. Rfd1 Bf5 17. R4d2 Rad8 18. g4 Be6 19. Bg3 h5 20. Rxd8
Rxd8 21. Rxd8 Bxd8 22. f3 Be7 23. Kg2 hxg4 24. hxg4 f5 25. exf6 Bxf6 26. Nd1
$11 c5 27. Bf4 b5 28. Kg3 a5 29. g5 Be7 30. Be5 Bxg5 31. Bxg7 Bc1 32. Nf2 Bf5
33. Nd3 Be3 34. Ne1 Bd2 35. Nd3 Kb6 36. b3 c4 37. bxc4 bxc4 38. Ne5 c3 39. f4
Bxc2 40. Nf3 Be4 41. Nd4 c5 42. Nf3 Bxf3 43. Kxf3 c2 44. Bb2 c1=Q 45. Bxc1 Bxc1
46. a4 c4 47. f5 Bb2 48. Ke3 Kc5 0-1

[Event "SR 3. liga A2 2009/2010"]
[Site "?"]
[Date "2010.03.28"]
[Round "11.8"]
[White "Hornak, Pavol"]
[Black "Pivacek, Jozef"]
[Result "1-0"]
[WhiteElo "1787"]
[BlackElo "1000"]
[PlyCount "121"]
[EventDate "2009.??.??"]

1. d4 f5 2. c4 Nf6 3. Nc3 e6 4. Bd2 d5 5. e3 Be7 6. Nf3 O-O 7. Be2 c5 8. dxc5
Bxc5 9. cxd5 exd5 10. O-O Nc6 11. Qb3 Qb6 12. Nxd5 Qxb3 13. Nxf6+ Rxf6 14. axb3
h6 15. Bc4+ Kh7 16. Bc3 Rf8 17. Rfd1 a6 18. Rd2 Ra7 19. Nd4 Bxd4 20. Bxd4 Nxd4
21. Rxd4 Rf6 22. f3 b6 23. Rd8 Be6 24. Rd6 Bxc4 25. Rxf6 gxf6 26. bxc4 a5 27.
Kf2 Rd7 28. Ke2 Kg7 29. Rd1 Rxd1 30. Kxd1 Kf7 31. Kd2 Ke6 32. Kd3 Ke5 33. b3 h5
34. g3 Ke6 35. Kd4 Kd6 36. e4 fxe4 37. Kxe4 Kc5 38. Kd3 f5 39. Kc3 b5 40. cxb5
Kxb5 41. h3 Kc5 42. g4 fxg4 43. fxg4 h4 44. g5 Kd5 45. g6 Ke6 46. g7 Kf7 47.
g8=Q+ Kxg8 48. Kc4 Kf7 49. Kb5 Kf6 50. Kxa5 Kf5 51. b4 Kf4 52. b5 Kg3 53. b6
Kxh3 54. b7 Kg2 55. b8=Q h3 56. Qb2+ Kh1 57. Qc1+ Kg2 58. Qd2+ Kg1 59. Qe3+ Kg2
60. Qe4+ Kg1 61. Qg4+ 1-0

[Event "SR 3. liga A2 2011/2012"]
[Site "?"]
[Date "2011.10.16"]
[Round "1.1"]
[White "Jozefek, Michal"]
[Black "Kovacocy, Pavel"]
[Result "0-1"]
[WhiteElo "1910"]
[BlackElo "2231"]
[PlyCount "78"]
[EventDate "2011.??.??"]

1. d4 g6 2. c4 Bg7 3. Nc3 c5 4. d5 Bxc3+ 5. bxc3 f5 6. g3 Qa5 7. Qb3 d6 8. Qb5+
Qxb5 9. cxb5 Nf6 10. c4 a6 11. Bb2 axb5 12. cxb5 Ra4 13. e3 O-O 14. Bxf6 exf6
15. Ne2 Nd7 16. Nc3 Ra3 17. Kd2 Nb6 18. Be2 Bd7 19. Rhb1 Rfa8 20. Rb2 Be8 21.
Kc2 Bf7 22. Rd1 Be8 23. Rc1 Kf8 24. Rb3 R3a5 25. Kb1 Bf7 26. Rd1 Ke7 27. Bf1
Kd7 28. Rd2 Kc7 29. Be2 Re8 30. Bf3 g5 31. Rd1 h5 32. h4 Nc4 33. b6+ Kd7 34.
Be2 Na3+ 35. Kb2 Rea8 36. Nb5 Nxb5 37. Bxb5+ Ke7 38. a4 Rg8 39. Rh1 Bxd5 0-1

[Event "SR 3. liga A2 2011/2012"]
[Site "?"]
[Date "2011.10.16"]
[Round "1.1"]
[White "Liptak, Tomas"]
[Black "Diviak, Rudolf"]
[Result "1-0"]
[WhiteElo "2103"]
[BlackElo "1865"]
[PlyCount "95"]
[EventDate "2011.??.??"]

1. e4 e5 2. Nf3 Nc6 3. Bb5 a6 4. Ba4 Nf6 5. O-O b5 6. Bb3 Be7 7. Re1 d6 8. c3
O-O 9. h3 Na5 10. Bc2 c5 11. d4 Qc7 12. d5 Nc4 13. Bd3 Nb6 14. Nbd2 Bd7 15. Nf1
Rfe8 16. g4 g6 17. Bh6 a5 18. Ng3 c4 19. Bc2 Reb8 20. Nh2 Kh8 21. Qf3 Ng8 22.
Qxf7 Nxh6 23. Qxe7 Rf8 24. Re3 Rae8 25. Qh4 Ng8 26. Ne2 Bc8 27. Kg2 Qg7 28. Rf3
Qh6 29. Qxh6 Nxh6 30. a4 b4 31. cxb4 axb4 32. a5 Na8 33. Ba4 Rd8 34. Rxf8+ Rxf8
35. Bb5 Rf7 36. Bxc4 Ra7 37. Nf1 Nb6 38. Bb5 Nd7 39. Nc1 Nc5 40. f3 Rc7 41. Ne3
Kg7 42. Kf2 Nf7 43. h4 Nh6 44. Ke2 Ng8 45. Nc4 Nf6 46. Nxd6 Ba6 47. Bxa6 Nxa6
48. g5 1-0

[Event "SR 3. liga A2 2011/2012"]
[Site "?"]
[Date "2011.10.16"]
[Round "1.1"]
[White "Skapik, Branislav"]
[Black "Liptak, Dusan"]
[Result "0-1"]
[WhiteElo "1848"]
[BlackElo "2075"]
[PlyCount "68"]
[EventDate "2011.??.??"]

1. c4 e5 2. Nc3 g6 3. g3 Bg7 4. Bg2 d6 5. d3 f5 6. e4 Nf6 7. Bg5 h6 8. Bd2 Na6
9. Qc2 O-O 10. a3 Nc5 11. b4 Ne6 12. Nge2 Nh5 13. O-O-O a5 14. b5 Nf6 15. h3
Nd4 16. Nxd4 exd4 17. Na4 fxe4 18. dxe4 Nh5 19. Be1 c6 20. e5 cxb5 21. cxb5 Bf5
22. Qb3+ Kh8 23. g4 Rc8+ 24. Kb2 Bc2 25. Qe6 Nf4 26. Qxd6 Bxd1 27. Qxd8 Rfxd8
28. Nb6 Rc2+ 29. Kb1 Bxe5 30. Be4 d3 31. Bxa5 Rb2+ 32. Kc1 Ne2+ 33. Kxd1 Rb1+
34. Kd2 Bf4# 0-1

[Event "SR 3. liga A2 2011/2012"]
[Site "?"]
[Date "2011.10.16"]
[Round "1.1"]
[White "Sadlon, Juraj"]
[Black "Sarmir, Milos"]
[Result "1/2-1/2"]
[WhiteElo "1860"]
[BlackElo "2048"]
[PlyCount "97"]
[EventDate "2011.??.??"]

1. e4 e5 2. Nf3 Nc6 3. Bb5 a6 4. Ba4 Nf6 5. O-O Be7 6. d3 b5 7. Bb3 d6 8. c3
O-O 9. Bg5 Na5 10. Bc2 c5 11. Nbd2 Nc6 12. Re1 b4 13. Nc4 Be6 14. Bb3 Ne8 15.
Bxe7 Nxe7 16. Ne3 Bxb3 17. Qxb3 bxc3 18. bxc3 Rb8 19. Qc2 Nc7 20. Rab1 Qd7 21.
Rxb8 Rxb8 22. Rb1 Rxb1+ 23. Qxb1 Qb5 24. Qc2 f6 25. a4 Qb7 26. Nd2 Kf7 27. Qb3+
Qxb3 28. Nxb3 Ke6 29. c4 Nc6 30. Kf1 Nb4 31. Ke2 g6 32. g4 Ne8 33. Nd5 Nxd5 34.
cxd5+ Kd7 35. Na5 Ng7 36. Nc4 f5 37. f3 h5 38. h3 fxg4 39. fxg4 hxg4 40. hxg4
Ne8 41. Kf3 Nf6 42. Kg3 g5 43. Kf3 Nh7 44. Ne3 Nf8 45. Nf5 Ng6 46. Ng7 Nh8 47.
Ne6 Nf7 48. a5 Kc8 49. Kg3 1/2-1/2

[Event "SR 3. liga A2 2011/2012"]
[Site "?"]
[Date "2011.10.16"]
[Round "1.1"]
[White "Vagovsky, Jozef"]
[Black "Pericka, Pavol"]
[Result "1/2-1/2"]
[WhiteElo "1991"]
[BlackElo "1743"]
[PlyCount "34"]
[EventDate "2011.??.??"]

1. d4 d5 2. Nf3 Nf6 3. c4 e6 4. Nc3 Be7 5. e3 Nc6 6. a3 O-O 7. Bd3 b6 8. O-O
Ba6 9. Qa4 dxc4 10. Bxh7+ Nxh7 11. Qxa6 Na5 12. Nd2 Qc8 13. Qb5 c6 14. Qa4 Qa6
15. b4 cxb3 16. Nxb3 Qc4 17. Qxc4 Nxc4 1/2-1/2

[Event "SR 3. liga A2 2011/2012"]
[Site "?"]
[Date "2011.10.16"]
[Round "1.1"]
[White "Nemeckayova, Monika"]
[Black "Vlkovic, Pavol"]
[Result "1-0"]
[WhiteElo "1757"]
[BlackElo "1838"]
[PlyCount "41"]
[EventDate "2011.??.??"]

1. d4 g6 2. c4 Bg7 3. Nc3 d6 4. e4 c6 5. Be2 h6 6. Be3 e6 7. Nf3 Ne7 8. Qd2 Nd7
9. Rd1 a6 10. O-O Qa5 11. Bf4 e5 12. dxe5 dxe5 13. Be3 Qc7 14. c5 g5 15. Na4
O-O 16. Nb6 Nxb6 17. cxb6 Qb8 18. Bc5 Bf6 19. Qb4 Re8 20. Bd6 a5 21. Qc5 1-0

[Event "SR 3. liga A2 2011/2012"]
[Site "?"]
[Date "2011.10.16"]
[Round "1.1"]
[White "Hornak, Pavol"]
[Black "Ocko, Martin"]
[Result "1/2-1/2"]
[WhiteElo "1778"]
[BlackElo "1524"]
[PlyCount "150"]
[EventDate "2011.??.??"]

1. d4 Nf6 2. c4 g6 3. Nc3 Bg7 4. e4 d6 5. h3 Nbd7 6. Bg5 O-O 7. Bd3 h6 8. Be3
e5 9. d5 Nh5 10. Qd2 g5 11. g3 Nhf6 12. Nge2 b6 13. b4 Nh7 14. h4 Qf6 15. hxg5
Nxg5 16. Bxg5 Qxg5 17. f4 Qe7 18. f5 Nf6 19. O-O-O a5 20. b5 Bb7 21. g4 Nh7 22.
Rh5 Ng5 23. Rf1 f6 24. Ng1 Rf7 25. Nf3 Raf8 26. Nh4 Qd8 27. Ng6 Re8 28. a4 Ba8
29. Qh2 Qd7 30. Ne2 Bb7 31. Ng1 Ba8 32. Nf3 Nxf3 33. Rxf3 Bb7 34. Rfh3 Ba8 35.
Qg3 Bb7 36. Qh4 Bc8 37. g5 fxg5 38. Rxg5 Qd8 39. Rgg3 Qxh4 40. Nxh4 Rf6 41. Be2
Bd7 42. Bh5 Rd8 43. Rh2 Bc8 44. Rhg2 Rd7 45. Be8 Re7 46. Bc6 Bd7 47. Bxd7 Rxd7
48. Ng6 Kh7 49. Rh3 Rdf7 50. Nh4 Rd7 51. Nf3 Kg8 52. Nh2 Kf8 53. Ng4 Rff7 54.
Nxh6 Bxh6+ 55. Rxh6 Rh7 56. Rf6+ Rdf7 57. Rfg6 Rh3 58. f6 Rh8 59. Rg7 Rxf6 60.
Rxc7 Rh1+ 61. Kb2 Rf7 62. Rc6 Rh4 63. Re2 Rff4 64. Rxd6 Rxe4 65. Rxe4 Rxe4 66.
Kc3 Re3+ 67. Kd2 Ra3 68. Rxb6 Rxa4 69. c5 Rd4+ 70. Ke3 Rxd5 71. c6 Rc5 72. Ke4
Ke7 73. Rb7+ Kd6 74. Kf5 e4+ 75. Kxe4 a4 1/2-1/2

[Event "SR 3. liga A2 2011/2012"]
[Site "?"]
[Date "2011.10.16"]
[Round "1.2"]
[White "Bukovsky, Milan"]
[Black "Berczes, Csaba"]
[Result "0-1"]
[WhiteElo "1984"]
[BlackElo "2397"]
[PlyCount "84"]
[EventDate "2011.??.??"]

1. c4 Nf6 2. Nc3 e6 3. d4 Bb4 4. a3 Bxc3+ 5. bxc3 c5 6. Nf3 O-O 7. Qc2 Nc6 8.
e4 d6 9. d5 Ne7 10. Be2 e5 11. O-O Ne8 12. Bg5 f6 13. Bd2 f5 14. exf5 Bxf5 15.
Bd3 h6 16. Nh4 Bxd3 17. Qxd3 Rf6 18. g3 Qd7 19. Rae1 g5 20. Ng2 Ng6 21. Qe4 Ng7
22. h4 gxh4 23. Nxh4 Nxh4 24. Qxh4 Rg6 25. Kh2 Rf8 26. Qh3 Qa4 27. Re4 Qc2 28.
Re2 Qd3 29. Rfe1 Qxc4 30. Bxh6 Qxc3 31. Bxg7 Kxg7 32. Kg1 Qf3 33. Qg2 Rg4 34.
Re4 Qxg2+ 35. Kxg2 Rxe4 36. Rxe4 b5 37. Rg4+ Kf6 38. Kf3 a5 39. Ke4 b4 40. Kd3
Rb8 41. axb4 cxb4 42. Kc2 Rb5 0-1

[Event "SR 3. liga A2 2011/2012"]
[Site "?"]
[Date "2011.10.16"]
[Round "1.2"]
[White "Janko, Michal"]
[Black "Svoboda, Adam"]
[Result "1/2-1/2"]
[WhiteElo "2271"]
[BlackElo "1967"]
[PlyCount "157"]
[EventDate "2011.??.??"]

1. d4 d5 2. c4 c6 3. Nc3 Nf6 4. Nf3 a6 5. c5 Bg4 6. Qb3 Qc7 7. Bf4 Qc8 8. Ne5
Nbd7 9. Na4 h6 10. Nxg4 Nxg4 11. e4 Ngf6 12. e5 Nh7 13. e6 fxe6 14. Bd3 e5 15.
Bg6+ Kd8 16. dxe5 e6 17. Qc2 Ng5 18. h4 Ne4 19. Bxe4 dxe4 20. Rd1 Kc7 21. Qb3
Qe8 22. O-O Rd8 23. Rd4 Qf7 24. Bd2 Kb8 25. Rd1 Rc8 26. Be3 Nxe5 27. Rxe4 Nd7
28. Rb4 Nf6 29. Bf4+ Ka7 30. Nb6 Bxc5 31. Nxc8+ Rxc8 32. Be3 Bxe3 33. Qxe3+ Ka8
34. Rb3 Nd5 35. Qe5 g6 36. Re1 Re8 37. Qd6 Qf6 38. Qd7 Re7 39. Qd8+ Ka7 40. Qd6
Qf7 41. Rf3 Qe8 42. a3 e5 43. Re4 Re6 44. Qc5+ b6 45. Qc1 Nf6 46. Rxf6 Rxf6 47.
Qxh6 Re6 48. Qg7+ Kb8 49. f4 exf4 50. Rxf4 Re7 51. Rf8 Rxg7 52. Rxe8+ Kc7 53.
Ra8 Kb7 54. Rd8 Kc7 55. Rd4 Rf7 56. Kh2 c5 57. Rg4 Rf6 58. Kg3 Kd6 59. Rf4 Re6
60. Rf2 c4 61. Kf4 b5 62. g4 Kc5 63. h5 gxh5 64. gxh5 b4 65. axb4+ Kxb4 66. Kf5
Re1 67. h6 Rh1 68. Kg6 Kb3 69. h7 a5 70. Kg7 a4 71. h8=Q Rxh8 72. Kxh8 c3 73.
bxc3 Kxc3 74. Kg7 a3 75. Kf6 Kb3 76. Ke5 a2 77. Rf3+ Kb2 78. Rf2+ Kb3 79. Rxa2
1/2-1/2

[Event "SR 3. liga A2 2011/2012"]
[Site "?"]
[Date "2011.10.16"]
[Round "1.2"]
[White "Bahna, Jan"]
[Black "Janko, Ladislav"]
[Result "0-1"]
[WhiteElo "1977"]
[BlackElo "2229"]
[PlyCount "88"]
[EventDate "2011.??.??"]

1. e4 c6 2. d4 d5 3. exd5 cxd5 4. Nf3 Nc6 5. Be2 g6 6. O-O Bg7 7. Re1 Nh6 8. c3
O-O 9. Bf4 Nf5 10. Nbd2 Nd6 11. Ne5 f6 12. Nxc6 bxc6 13. h3 e5 14. dxe5 fxe5
15. Bh2 Qb6 16. Bf3 Qxb2 17. Bxe5 Bxe5 18. Rxe5 Qxc3 19. Rxd5 cxd5 20. Bxd5+
Be6 21. Bxe6+ Kh8 22. Nf3 Ne4 23. Rc1 Rad8 24. Qe1 Qxe1+ 25. Rxe1 Nc5 26. Bc4
Rf4 27. Ng5 Rdf8 28. Rc1 R4f5 29. h4 h6 30. Nf3 Rd8 31. Rc3 Rd1+ 32. Kh2 Rd7
33. Re3 Kg7 34. Ne5 Re7 35. Nc6 Rxe3 36. fxe3 a6 37. Nb4 a5 38. Nd5 Rf2 39. Kg1
Rc2 40. Nb6 Kf6 41. Kf1 Ke5 42. g4 Rb2 43. Nc8 Ne4 44. Bd3 Rxa2 0-1

[Event "SR 3. liga A2 2011/2012"]
[Site "?"]
[Date "2011.10.16"]
[Round "1.2"]
[White "Kantor, Reka"]
[Black "Halas, Miroslav"]
[Result "1/2-1/2"]
[WhiteElo "1962"]
[BlackElo "1946"]
[PlyCount "104"]
[EventDate "2011.??.??"]

1. e4 c5 2. c4 e6 3. Nc3 Nc6 4. Nf3 a6 5. d4 cxd4 6. Nxd4 Qc7 7. Be3 Nf6 8. Rc1
Bb4 9. f3 O-O 10. Be2 d5 11. cxd5 exd5 12. O-O Bd6 13. f4 dxe4 14. Ndb5 axb5
15. Nxb5 Qb8 16. Qxd6 Qxd6 17. Nxd6 Rxa2 18. Rc2 Ra8 19. Rfc1 Nd5 20. Bc5 Nxf4
21. Nxe4 Re8 22. Ng3 Nxe2+ 23. Rxe2 Bg4 24. Re4 f5 25. Rxe8+ Rxe8 26. h3 f4 27.
Nf1 Bf5 28. Bd6 Re2 29. Bxf4 Rxb2 30. Ne3 Be4 31. Rf1 b5 32. Bd6 Rb1 33. Rxb1
Bxb1 34. Nd5 Kf7 35. Nb4 Ke6 36. Bf8 Nxb4 37. Bxb4 Kd5 38. Kf2 Kc4 39. Bf8 g6
40. Ke1 Be4 41. g3 b4 42. Kd2 Bf5 43. h4 Kb3 44. Kc1 Kc3 45. Bg7+ Kd3 46. Be5
Ke4 47. Bf4 Kf3 48. Kb2 Be6 49. Bc7 g5 50. hxg5 Kg4 51. Bd6 b3 52. Bf4 Kh5
1/2-1/2

[Event "SR 3. liga A2 2011/2012"]
[Site "?"]
[Date "2011.10.16"]
[Round "1.2"]
[White "Krist, Milan"]
[Black "Dvorsky, Jozef"]
[Result "1-0"]
[WhiteElo "1990"]
[BlackElo "2031"]
[PlyCount "141"]
[EventDate "2011.??.??"]

1. c4 e5 2. Nc3 f5 3. g3 Nf6 4. Bg2 c6 5. d3 Bc5 6. e3 Qe7 7. Nge2 d6 8. O-O
O-O 9. Na4 Bb4 10. Bd2 Bxd2 11. Qxd2 d5 12. cxd5 cxd5 13. Rac1 Na6 14. d4 e4
15. Rc2 Nb4 16. Rc3 Bd7 17. b3 Bxa4 18. bxa4 Rac8 19. Rfc1 Rxc3 20. Rxc3 Nc6
21. Rc5 Qd6 22. Qc1 Nd7 23. Rb5 b6 24. Nf4 Ne7 25. Bf1 Rc8 26. Qb2 g5 27. Nh3
h6 28. Rb3 Qc7 29. Bb5 Qc1+ 30. Qxc1 Rxc1+ 31. Kg2 Nb8 32. Ng1 Rc2 33. a3 Nbc6
34. Ne2 Na5 35. Rc3 Rxc3 36. Nxc3 Kf7 37. Kf1 Ke6 38. Ke1 f4 39. Bf1 fxe3 40.
fxe3 Kf5 41. h3 Ke6 42. g4 Nc8 43. Nb5 Kd7 44. Nc3 Kc6 45. Bb5+ Kd6 46. Ba6 Ne7
47. Nb5+ Ke6 48. Nxa7 Ng6 49. Be2 Kd7 50. Nb5 Nh4 51. Kf2 Kc6 52. Nc3 Nb3 53.
Bb5+ Kd6 54. Be8 Nc1 55. Bf7 Nd3+ 56. Kg3 Nf3 57. Bxd5 Nd2 58. Nxe4+ Kxd5 59.
Nxd2 Nb2 60. Kf3 Nxa4 61. Ke2 b5 62. Kd3 Nb2+ 63. Kc2 Na4 64. Kb3 Nb6 65. Kb4
Kc6 66. e4 Nd7 67. Nf3 Nf6 68. Nd2 h5 69. gxh5 Nxh5 70. Nf3 Ng3 71. Nxg5 1-0

[Event "SR 3. liga A2 2011/2012"]
[Site "?"]
[Date "2011.10.16"]
[Round "1.2"]
[White "Puobis, Jozef"]
[Black "Mosny, Jaroslav"]
[Result "1/2-1/2"]
[WhiteElo "1953"]
[BlackElo "1941"]
[PlyCount "56"]
[EventDate "2011.??.??"]

1. e4 e5 2. Nf3 d6 3. d4 exd4 4. Qxd4 Nc6 5. Bb5 Nge7 6. Bg5 Bd7 7. Bxc6 Nxc6
8. Qc3 f6 9. Be3 Be7 10. Nbd2 O-O 11. O-O-O Qe8 12. Qb3+ Qf7 13. Qxf7+ Rxf7 14.
Nb1 Bf8 15. Nc3 Re8 16. h3 a6 17. Rhe1 Bc8 18. Bf4 Ne5 19. Nxe5 fxe5 20. Be3 g6
21. b4 Be6 22. Nd5 c6 23. Nc3 b5 24. Kb2 Ra8 25. Bb6 Rb8 26. Be3 Bc4 27. a3 Ra8
28. Bb6 Rb8 1/2-1/2

[Event "SR 3. liga A2 2011/2012"]
[Site "?"]
[Date "2011.10.16"]
[Round "1.2"]
[White "Hagara, Vladimir"]
[Black "Kosar, Mikulas ml"]
[Result "1-0"]
[WhiteElo "1927"]
[BlackElo "1900"]
[PlyCount "59"]
[EventDate "2011.??.??"]

1. c4 d5 2. cxd5 Nf6 3. Nc3 Nxd5 4. g3 e5 5. Bg2 Nxc3 6. bxc3 Bd6 7. d3 O-O 8.
e3 Nd7 9. Ne2 Nb6 10. O-O c6 11. Bb2 Qe7 12. a4 Be6 13. Qc2 f5 14. a5 Nd7 15.
a6 Nc5 16. axb7 Qxb7 17. Nc1 f4 18. exf4 exf4 19. Re1 fxg3 20. hxg3 Rae8 21. c4
Bf5 22. Bc3 Qc7 23. Qd2 Rxe1+ 24. Qxe1 Bxd3 25. Nxd3 Nxd3 26. Qe6+ Kh8 27. Bd4
Nc5 28. Qg4 Rf7 29. Qh5 Kg8 30. Bxc5 1-0

[Event "SR 3. liga A2 2011/2012"]
[Site "?"]
[Date "2011.10.16"]
[Round "1.2"]
[White "Kosar, Mikulas st"]
[Black "Puskar, Peter"]
[Result "0-1"]
[WhiteElo "1766"]
[BlackElo "1844"]
[PlyCount "82"]
[EventDate "2011.??.??"]

1. e4 c5 2. Nf3 d6 3. Nc3 Nf6 4. d4 cxd4 5. Nxd4 a6 6. Be2 e5 7. Nf3 h6 8. h3
Be6 9. O-O Nbd7 10. Re1 Be7 11. Bd3 O-O 12. b3 Qc7 13. Bb2 Rac8 14. a4 Nc5 15.
Rc1 Nxd3 16. cxd3 Qb8 17. Ba3 b5 18. axb5 axb5 19. Bb4 Qb7 20. Ra1 Ra8 21. Qc2
Rfc8 22. Qb2 Bf8 23. Nd2 Nd7 24. Rxa8 Rxa8 25. Ra1 Rxa1+ 26. Qxa1 Nc5 27. Qb1
Na6 28. Na2 Nxb4 29. Nxb4 Qa7 30. Qb2 Qc5 31. Na6 Qc8 32. Nb4 Be7 33. Kf1 Bg5
34. Ke2 Kf8 35. Kd1 Qc5 36. Qa3 Qxf2 37. Qa8+ Ke7 38. Nc6+ Kf6 39. Qd8+ Kg6 40.
Ne7+ Kh5 41. Nf3 Bxb3# 0-1

[Event "SR 3. liga A2 2011/2012"]
[Site "?"]
[Date "2011.10.16"]
[Round "1.3"]
[White "Malar, Pavol"]
[Black "Pribila, Gerhard"]
[Result "1/2-1/2"]
[WhiteElo "2102"]
[BlackElo "2036"]
[PlyCount "80"]
[EventDate "2011.??.??"]

1. e4 c5 2. Nf3 d6 3. Bb5+ Bd7 4. Bxd7+ Qxd7 5. O-O Nf6 6. Re1 Nc6 7. d3 e6 8.
Nbd2 Be7 9. Nf1 O-O 10. Ng3 b5 11. h3 Qc7 12. Bf4 b4 13. Nh2 Ne5 14. Bd2 Nc6
15. f4 Rfe8 16. c3 g6 17. Qf3 h5 18. Nhf1 Nh7 19. Ne3 bxc3 20. bxc3 Rab8 21.
Rf1 Bf6 22. Nc4 h4 23. Ne2 d5 24. Ne3 dxe4 25. dxe4 Red8 26. Be1 Rd3 27. Nc1
Bxc3 28. Nxd3 Bxa1 29. Bxh4 Bd4 30. Kh1 Qb7 31. Nc4 Bg7 32. Nd6 Qd7 33. e5 Nd4
34. Qe4 Qc6 35. Qxc6 Nxc6 36. Nxc5 Rb2 37. Rf2 Rb1+ 38. Kh2 g5 39. Bg3 gxf4 40.
Bxf4 Nxe5 1/2-1/2

[Event "SR 3. liga A2 2011/2012"]
[Site "?"]
[Date "2011.10.16"]
[Round "1.3"]
[White "Kocak, Branislav"]
[Black "Synak, Jan"]
[Result "0-1"]
[WhiteElo "1914"]
[BlackElo "1966"]
[PlyCount "124"]
[EventDate "2011.??.??"]

1. d4 Nf6 2. c4 e6 3. Nf3 b6 4. Nc3 Bb7 5. e3 Be7 6. Bd3 O-O 7. O-O c5 8. d5 d6
9. e4 e5 10. Bg5 Nbd7 11. Nd2 h6 12. Be3 Nh7 13. f4 a6 14. a4 Bf6 15. f5 Bg5
16. Qe2 Bxe3+ 17. Qxe3 Qg5 18. Qxg5 hxg5 19. Be2 Ndf6 20. h3 Rfb8 21. Rfb1 Bc8
22. b4 Nd7 23. Rb2 Rb7 24. Rab1 Rab8 25. b5 a5 26. Rf1 Ndf6 27. Kh2 Bd7 28. Nd1
Kf8 29. Ne3 Ke7 30. Rf2 Rh8 31. Rb1 Rbb8 32. Rg1 Rbg8 33. g3 Nf8 34. Kg2 Rh6
35. Ng4 Nxg4 36. Bxg4 f6 37. Rh1 Rgh8 38. Rh2 g6 39. Rf1 gxf5 40. Bxf5 Be8 41.
Rfh1 Ng6 42. Nf1 Kf7 43. Ne3 Ne7 44. h4 Kg7 45. Kg1 gxh4 46. gxh4 Bh5 47. Kf2
Kf8 48. Rg2 Rg8 49. Rxg8+ Kxg8 50. Rg1+ Kf8 51. Be6 Bg6 52. Nf5 Bxf5 53. exf5
Rxh4 54. Ke3 Rxc4 55. Rh1 Rd4 56. Rh8+ Kg7 57. Rd8 Nxd5+ 58. Kf3 Nc3 59. Rg8+
Kh7 60. Rg6 Ne4 61. Bg8+ Kh8 62. Bf7 Ng5+ 0-1

[Event "SR 3. liga A2 2011/2012"]
[Site "?"]
[Date "2011.10.16"]
[Round "1.3"]
[White "Slamena, Michal"]
[Black "Kastler, Peter"]
[Result "1-0"]
[WhiteElo "1976"]
[BlackElo "1720"]
[PlyCount "85"]
[EventDate "2011.??.??"]

1. e4 e6 2. d4 d5 3. Nd2 dxe4 4. Nxe4 Nd7 5. Bd3 Ngf6 6. Nf3 Be7 7. O-O O-O 8.
c3 b6 9. Qc2 Bb7 10. Bf4 Nxe4 11. Bxe4 Bxe4 12. Qxe4 Nf6 13. Qb7 Bd6 14. Ne5
Qc8 15. Qc6 Qe8 16. Qc4 c5 17. Rad1 b5 18. Qe2 c4 19. Qf3 Nd5 20. Bc1 Bxe5 21.
dxe5 Qe7 22. Rfe1 Rfd8 23. Qg4 Rd7 24. Bg5 Qf8 25. Rd4 Rc8 26. Qg3 Rcc7 27. Rh4
Kh8 28. Qh3 Qg8 29. f4 Ne7 30. g4 Ng6 31. Rh5 Nf8 32. f5 exf5 33. gxf5 f6 34.
e6 Re7 35. Bh4 g5 36. Bf2 Qg7 37. Rh6 g4 38. Qh4 Qg5 39. Rxf6 Qg8 40. Bd4 Rg7
41. e7 Nd7 42. Rg6 Qd5 43. e8=Q+ 1-0

[Event "SR 3. liga A2 2011/2012"]
[Site "?"]
[Date "2011.10.16"]
[Round "1.3"]
[White "Valla, Tomas"]
[Black "Majtan, Martin"]
[Result "0-1"]
[WhiteElo "1846"]
[BlackElo "1857"]
[PlyCount "90"]
[EventDate "2011.??.??"]

1. e4 e5 2. Nc3 Nc6 3. f4 Bb4 4. Nf3 d6 5. Bb5 a6 6. Bxc6+ bxc6 7. fxe5 dxe5 8.
Nxe5 Qh4+ 9. Kf1 Qxe4 10. Qe2 Qxe2+ 11. Kxe2 Bxc3 12. bxc3 Ne7 13. Ba3 Nd5 14.
Rhf1 f6 15. Nxc6 Bd7 16. Nd4 O-O-O 17. Kf3 Rde8 18. h3 g5 19. Kf2 Nf4 20. d3 h5
21. Rae1 Nxh3+ 22. gxh3 Bxh3 23. Rxe8+ Rxe8 24. Re1 Rg8 25. Re7 g4 26. Nf5 Rg5
27. Nh4 g3+ 28. Kg1 Ra5 29. Bb4 Rxa2 30. c4 Rxc2 31. Re3 f5 32. Rxg3 Bg4 33.
Ng2 Rb2 34. Bc3 Rc2 35. Bb4 Ra2 36. Re3 a5 37. Bc3 a4 38. Be5 Rc2 39. Re1 a3
40. Bf6 a2 41. Nf4 Rd2 42. Kf1 Bd1 43. Bc3 h4 44. Re5 h3 45. Re3 h2 0-1

[Event "SR 3. liga A2 2011/2012"]
[Site "?"]
[Date "2011.10.16"]
[Round "1.3"]
[White "Gajarsky, Roman"]
[Black "Brunovsky, Peter"]
[Result "1-0"]
[WhiteElo "1915"]
[BlackElo "1809"]
[PlyCount "57"]
[EventDate "2011.??.??"]

1. e4 c6 2. d4 d5 3. e5 Bf5 4. g4 Be4 5. f3 Bg6 6. Bd3 e6 7. h4 Be7 8. h5 Bh4+
9. Kf1 Bxd3+ 10. Qxd3 Be7 11. f4 f5 12. g5 Qb6 13. b3 Qa6 14. Ke2 Qxd3+ 15.
Kxd3 c5 16. Ne2 Nc6 17. Ba3 Nb4+ 18. Bxb4 cxb4 19. c4 bxc3 20. Nbxc3 Rc8 21. a4
Bb4 22. Rhc1 Ne7 23. a5 Nc6 24. a6 b6 25. Nb5 Kd7 26. Nec3 Be7 27. Ke3 Ra8 28.
Na4 Rhc8 29. Nxa7 1-0

[Event "SR 3. liga A2 2011/2012"]
[Site "?"]
[Date "2011.10.16"]
[Round "1.3"]
[White "Zajicek, Ferdinand"]
[Black "Jancicka, Viliam"]
[Result "1-0"]
[WhiteElo "1860"]
[BlackElo "1890"]
[PlyCount "57"]
[EventDate "2011.??.??"]

1. e4 c5 2. Nf3 Nc6 3. Nc3 e6 4. d3 d6 5. Be2 Nf6 6. O-O Be7 7. Be3 O-O 8. a3
a6 9. h3 b5 10. Qd2 Bb7 11. Na2 a5 12. Nh2 d5 13. exd5 exd5 14. Ng4 c4 15.
Nxf6+ Bxf6 16. d4 Re8 17. c3 Qe7 18. Rae1 b4 19. axb4 axb4 20. Nc1 h6 21. Bf3
Rad8 22. Bxh6 Qf8 23. Bg5 Bxg5 24. Qxg5 bxc3 25. bxc3 Ne7 26. Ne2 Ng6 27. Ng3
Qd6 28. Nf5 Qd7 29. h4 1-0

[Event "SR 3. liga A2 2011/2012"]
[Site "?"]
[Date "2011.10.16"]
[Round "1.3"]
[White "Niznansky, Lukas"]
[Black "Papanek, Lubomir"]
[Result "1-0"]
[WhiteElo "1740"]
[BlackElo "1630"]
[PlyCount "77"]
[EventDate "2011.??.??"]

1. e4 e5 2. Nf3 Nc6 3. Bb5 Bc5 4. O-O d6 5. h3 a6 6. Ba4 b5 7. Bb3 Be6 8. c3
Qd7 9. Bc2 Nce7 10. d4 exd4 11. cxd4 Bb6 12. Bf4 f6 13. Nc3 g5 14. Bg3 h5 15.
e5 h4 16. Bh2 g4 17. d5 dxe5 18. dxe6 Qxd1 19. Raxd1 gxf3 20. gxf3 Nh6 21. f4
Nhf5 22. Kh1 Bd4 23. Ne4 exf4 24. Bxf4 O-O-O 25. b3 Nd5 26. Nxf6 Bxf6 27. Bxf5
Nxf4 28. e7+ Kb8 29. exd8=Q+ Bxd8 30. Rfe1 Rf8 31. Bg4 c5 32. Rd6 Kb7 33. Red1
Ba5 34. Rd7+ Kb8 35. R1d6 c4 36. bxc4 Re8 37. Rd1 bxc4 38. Rb1+ Kc8 39. Rd5+
1-0